Diego Laínez en la Europa religiosa de su tiempo, 1512-1565. (Record no. 42759)

MARC details
000 -LEADER
campo de control de longitud fija 00588nam a2200181 i 4500
001 - NÚMERO DE CONTROL
campo de control 42759
003 - IDENTIFICADOR DE NÚMERO DE CONTROL
campo de control ES-MaACL
005 - FECHA Y HORA DE LA ÚLTIMA TRANSACCIÓN
campo de control 20250728191922.0
007 - CAMPO FIJO DE DESCRIPCIÓN FÍSICA--INFORMACIÓN GENERAL
campo de control de longitud fija t|
008 - DATOS DE LONGITUD FIJA--INFORMACIÓN GENERAL
campo de control de longitud fija 030313s1945 sp ||||1| spa d
100 1# - ENTRADA PRINCIPAL--NOMBRE DE PERSONA
Nombre de persona Cereceda, Feliciano.
9 (RLIN) 37480
245 10 - MENCIÓN DEL TÍTULO
Título Diego Laínez en la Europa religiosa de su tiempo, 1512-1565.
Número de parte o sección de la obra I /
Mención de responsabilidad, etc. por Feliciano Cereceda.
260 ## - PUBLICACIÓN, DISTRIBUCIÓN, ETC.
Lugar de publicación, distribución, etc. Madrid :
Nombre del editor, distribuidor, etc. Cultura Hispánica,
Fecha de publicación, distribución, etc. 1945 (
Fabricante Gráf. Ultra)
300 ## - DESCRIPCIÓN FÍSICA
Extensión 1 v. (XXXIV, 634 p., 1 lám.) ;
Dimensiones 25 cm.
600 14 - PUNTO DE ACCESO ADICIONAL DE MATERIA--NOMBRE DE PERSONA
Nombre de persona Laínez, Diego,
Fechas asociadas al nombre 1512-1565
9 (RLIN) 172647
852 ## - LOCALIZACIÓN
Ubicación ES-MaACL
Número de control de estantería E-3487
Holdings
Estatus retirado Estado de pérdida Estado de daño No para préstamo Biblioteca de origen Biblioteca actual Ubicación en estantería Fecha de adquisición Fuente de adquisición Total de préstamos Signatura topográfica completa Código de barras Visto por última vez Precio de reemplazo Tipo de ítem Koha
        Biblioteca del Ateneo de Madrid Biblioteca del Ateneo de Madrid Depósito 2 17/01/2008     E-3487 1045012 23/02/2023 23/02/2023 Libro impreso